<?xml version="1.0" encoding="UTF-8"?>
<record
    xmlns:xsi="http://www.w3.org/2001/XMLSchema-instance"
    xsi:schemaLocation="http://www.loc.gov/MARC21/slim http://www.loc.gov/standards/marcxml/schema/MARC21slim.xsd"
    xmlns="http://www.loc.gov/MARC21/slim">

  <leader>00462nam a22001697a 4500</leader>
  <datafield tag="999" ind1=" " ind2=" ">
    <subfield code="c">131506</subfield>
    <subfield code="d">131506</subfield>
  </datafield>
  <controlfield tag="005">20230829113034.0</controlfield>
  <controlfield tag="008">230829b           ||||| |||| 00| 0 eng d</controlfield>
  <datafield tag="040" ind1=" " ind2=" ">
    <subfield code="c">PK-LaUMT</subfield>
  </datafield>
  <datafield tag="082" ind1=" " ind2=" ">
    <subfield code="a">891.4393</subfield>
    <subfield code="b">RAZ-M</subfield>
  </datafield>
  <datafield tag="100" ind1=" " ind2=" ">
    <subfield code="a">Razia Butt =  &#x631;&#x636;&#x6CC;&#x6C1; &#x628;&#x679;</subfield>
  </datafield>
  <datafield tag="245" ind1=" " ind2=" ">
    <subfield code="a">Mahrukh =  &#x645;&#x627;&#x6C1; &#x631;&#x62E;/</subfield>
    <subfield code="c">by Razia Butt =  &#x631;&#x636;&#x6CC;&#x6C1; &#x628;&#x679;</subfield>
  </datafield>
  <datafield tag="260" ind1=" " ind2=" ">
    <subfield code="a">Lahore :</subfield>
    <subfield code="b">Maqbool Academy,</subfield>
    <subfield code="c">NA</subfield>
  </datafield>
  <datafield tag="300" ind1=" " ind2=" ">
    <subfield code="a">302 p.</subfield>
  </datafield>
  <datafield tag="650" ind1=" " ind2=" ">
    <subfield code="a">Urdu literature</subfield>
  </datafield>
  <datafield tag="650" ind1=" " ind2=" ">
    <subfield code="a">Urdu fiction</subfield>
  </datafield>
  <datafield tag="942" ind1=" " ind2=" ">
    <subfield code="c">BK</subfield>
  </datafield>
  <datafield tag="952" ind1=" " ind2=" ">
    <subfield code="0">0</subfield>
    <subfield code="1">0</subfield>
    <subfield code="4">0</subfield>
    <subfield code="7">0</subfield>
    <subfield code="a">01</subfield>
    <subfield code="b">01</subfield>
    <subfield code="d">2023-08-29</subfield>
    <subfield code="l">1</subfield>
    <subfield code="o">891.4393 RAZ-M</subfield>
    <subfield code="p">145375</subfield>
    <subfield code="r">2023-12-11 00:00:00</subfield>
    <subfield code="s">2023-11-27</subfield>
    <subfield code="w">2023-08-29</subfield>
    <subfield code="y">BK</subfield>
  </datafield>
</record>
